00325nam a2200133Ia 4500008004100000041000800041082001200049100001800061245001900079250001400098260003800112300003200150365000900182240624s9999 xx 000 0 und d aeng a339 TAY aTAYLOR JOHN B aMACROECONOMICS a(6th ed.) c2010aAustraliabCengage Learning axxxi, : 488 : p. : cm. ; 25 cb25